000 00509nam a2200193Ia 4500
001 14977
003 GE_BSU
008 181216s||||||||xx |||||||||||||| ||und||
040 _cGE_BSU
080 _a517.97(075.8)
100 _aБуслаев,В.С.
245 _aВариационное исчисление
260 _aЛенинград
260 _bЛенингр. ун-т
260 _c1980
300 _a286стр.22см.
653 _aВариационное исчисление
942 _cBK
999 _c48096
_d48096